| 000 | 00542nam a2200193Ia 4500 | ||
|---|---|---|---|
| 005 | 20250508160448.0 | ||
| 008 | 008 250505s9999 xx 000 0 eng d | ||
| 037 | _aTextual | ||
| 040 |
_aFEDL _beng _cFEDL |
||
| 041 |
_aeng _2eng |
||
| 084 |
_a371, PET _qFEDL |
||
| 100 | _aPeters Herman J | ||
| 245 | 0 | _aIntroduction to teaching | |
| 260 |
_aNew York, USA _bThe Macmillan Company _c1963 |
||
| 300 | _a389p | ||
| 700 |
_a Burnett Collins W Farwell Gail F _9768558 |
||
| 942 |
_cTEXL _h371, PET |
||
| 999 |
_c1364750 _d1364750 |
||